[Event "45th Olympiad 2024"]
[Site "Budapest HUN"]
[Date "2024.09.14"]
[Round "4.75"]
[Board "1"]
[White "Van Bemmelen, Ursus"]
[Black "Mathurin, Nathaniel"]
[Result "1/2-1/2"]
[WhiteElo "2146"]
[BlackElo "1982"]
[PlyCount "99"]
[EventDate "2024.09.11"]
[WhiteTeam "Netherlands Antilles"]
[BlackTeam "Saint Lucia"]
[WhiteTeamCountry "AHO"]

1. d4 Nf6 2. Nf3 d5 3. e3 e6 4. Bd3 c5 5. b3 cxd4 6. exd4 Bd6 7. O-O O-O 8. Bb2 Nc6 9. Nbd2 Nb4 10. Be2 Qc7 ({RR} 10... b6 11. Ne5 Bb7 12. a3 Nc6 13. Bd3 Rc8 14. Re1 Ne7 15. Qe2 Ng6 16. g3 b5 17. Rac1 a6 18. b4 Bxe5 19. dxe5 Ne4 20. Bd4 Qg5 21. Nf3 Qf5 22. c3 Rc4 23. Nd2 Nxe5 24. Bxe5 Qxe5 25. Bxc4 {1-0 So,W (2815)-Carlsen,M (2832) chess.com Speed 3m+2spm 2017 blitz (3.17)}) 11. a3 ({RR} 11. c4 Ne4 12. g3 f5 13. Ne5 Bxe5 14. dxe5 Rd8 15. Qc1 d4 16. a3 Nc6 17. Nf3 d3 18. Bd1 a5 19. Bc3 b6 20. Nd2 Nxc3 21. Qxc3 Nxe5 22. Re1 Nf7 23. Bf3 Ra7 24. Rac1 e5 25. Bd5 e4 {0-1 Papadimitriou,L (2057)-Woelk,T (2352) 17th Paleochora Open 2024 (2.8)}) 11... Nc6 12. Bd3 Re8 $146 ({RR} 12... b6 13. Qe2 Bb7 14. Ne5 a6 15. c4 Rad8 16. Rac1 Bxe5 17. dxe5 Nd7 18. cxd5 exd5 19. e6 Nc5 20. Bxh7+ Kxh7 21. Qh5+ Kg8 22. Bxg7 Kxg7 23. Qg5+ Kh8 24. Qf6+ Kg8 25. Qg5+ Kh8 26. Qh6+ Kg8 27. Qg5+ {½-½ Gleichmann,M (2063)-Stumbries,L (1684) Leipzig VfB op 16th 2009 (6)}) ({RR} 12... e5 13. dxe5 Nxe5 14. Nxe5 Bxe5 15. Bxe5 Qxe5 16. Re1 Qf4 17. Nf1 Ne4 18. Bxe4 dxe4 19. Qd5 Re8 20. Ng3 Qe5 21. Qxe5 Rxe5 22. Rxe4 Rxe4 23. Nxe4 Bf5 24. f3 Bxe4 25. fxe4 Re8 26. Rd1 g6 27. Rd7 {1-0 Blasco,D (1965)-Roversi,S (1822) Arco op 33rd 2011 (7)}) 13. Re1 e5 14. dxe5 Nxe5 15. Nxe5 Bxe5 16. Bxe5 Rxe5 17. Nf3 Rh5 18. h3 Be6 19. Qd2 Bf5 20. Be2 Bg6 21. Nd4 Re5 22. Bf3 Rae8 23. a4 Be4 24. Be2 Rc8 25. Rac1 h6 26. c4 dxc4 27. Nb5 Qb8 28. Bxc4 Rd8 29. Qf4 a6 30. Nc3 Rde8 31. Nxe4 Rxe4 32. Rxe4 Nxe4 33. Qxf7+ Kh8 34. Bd3 Rf8 35. Qg6 Qf4 36. Rf1 Ng5 37. Kh1 Rf6 38. Qe8+ Rf8 39. Qh5 Rd8 40. Qg6 Qd2 41. Bf5 Qe2 42. Kg1 Rf8 43. Bd3 Qe5 44. Rc1 Qb2 45. Rc2 Qa1+ 46. Kh2 Qe5+ 47. Kg1 Qe1+ 48. Kh2 Qe5+ 49. Kg1 Qe1+ 50. Kh2 1/2-1/2

[Event "45th Olympiad 2024"]
[Site "Budapest HUN"]
[Date "2024.09.14"]
[Round "4.75"]
[Board "2"]
[White "Gabriel, Sixtus"]
[Black "Capella, Rurik"]
[Result "0-1"]
[WhiteElo "1800"]
[BlackElo "1971"]
[PlyCount "54"]
[EventDate "2024.09.11"]
[WhiteTeam "Saint Lucia"]
[BlackTeam "Netherlands Antilles"]
[BlackTeamCountry "AHO"]

1. e4 c5 2. Nf3 e6 3. Nc3 Nc6 4. d4 cxd4 5. Nxd4 Bc5 6. Nb3 Bb6 7. Bf4 ({RR} 7. Nb5 d5 8. exd5 exd5 9. Bf4 Qf6 10. Qd2 Nge7 11. Nd6+ Kf8 12. O-O-O h5 13. h4 Ng6 14. Bg3 Be6 15. Nxb7 Nce5 16. N7c5 Nc4 17. Nxe6+ fxe6 18. Bxc4 dxc4 19. Qb4+ Kg8 20. Qxc4 Kh7 21. Rd6 Rhe8 {1-0 Andreikin,D (2726)-Manu David,S (2360) Titled Tuesday intern op 21st July blitz 2020 (4)}) 7... a6 ({RR} 7... Nge7 8. Na4 Bc7 9. Bd6 O-O 10. Be2 Re8 11. O-O f5 12. Bf3 Ne5 13. Bxc7 Qxc7 14. Nc3 Nxf3+ 15. Qxf3 fxe4 16. Qxe4 d5 17. Qh4 e5 18. Rfe1 Bf5 19. Qg5 Bxc2 20. Rxe5 Bxb3 21. axb3 Ng6 22. Rxd5 {0-1 Bambino Filho,A (2168)-Chan,N (1977) Titled Tue 4th Jun Late 2024 (2)}) 8. Be2 Nge7 9. Qd2 O-O $146 ({RR} 9... Ng6 10. Bd6 Nce7 11. h4 Bc7 12. h5 Ne5 13. f4 Bxd6 14. Qxd6 N5c6 15. O-O-O b6 16. f5 Bb7 17. Kb1 Nc8 18. Qg3 O-O 19. Rhf1 exf5 20. exf5 f6 21. h6 Qe7 22. Bc4+ Rf7 {1-0 Castro,C (2079)-Moreno,J (1567) Montevideo Wednesday at the Mystery 1st 2021 (1)}) 10. f3 d5 11. exd5 Nxd5 12. Nxd5 exd5 13. O-O-O Be6 14. Be3 Rc8 15. Kb1 Re8 16. Bxb6 Qxb6 17. c3 a5 18. Rhe1 a4 19. Nd4 a3 20. b3 Nxd4 21. cxd4 Bf5+ 22. Ka1 Rc2 23. Bf1 Rec8 24. Qf4 Qc6 25. Qe3 b5 26. g4 b4 27. gxf5 Rxa2+ 0-1

[Event "45th Olympiad 2024"]
[Site "Budapest HUN"]
[Date "2024.09.14"]
[Round "4.75"]
[Board "3"]
[White "Van Opstal, Rurik"]
[Black "Elizee, Kaieem"]
[Result "1-0"]
[WhiteElo "2006"]
[BlackElo "1701"]
[PlyCount "35"]
[EventDate "2024.09.11"]
[WhiteTeam "Netherlands Antilles"]
[BlackTeam "Saint Lucia"]
[WhiteTeamCountry "AHO"]

1. e4 c5 2. Nf3 e6 3. d4 cxd4 4. Nxd4 Nc6 5. Nc3 Qc7 6. Be3 a6 7. Qf3 Nf6 8. O-O-O Be7 9. Be2 b5 ({RR} 9... d6 10. g4 Nxd4 11. Rxd4 b5 12. g5 Nd7 13. Qg3 Bb7 14. h4 Rc8 15. Kb1 Qa5 16. Bd2 Qb6 17. Qe3 O-O 18. g6 hxg6 19. h5 g5 20. h6 g6 21. h7+ Kh8 22. a4 Bf6 23. Rb4 Qc5 24. Na2 {0-1 Firouzja,A (2682)-Fedorchuk,S (2620) FRA-ch rapid 2019 (6)}) ({RR} 9... O-O 10. Bf4 e5 11. Bg3 d6 12. Nb3 Be6 13. Kb1 Nb8 14. h3 Nbd7 15. Bh2 b5 16. g4 h6 17. Qg2 Rfc8 18. Bd3 Bc4 19. f3 Nb6 20. f4 b4 21. Bxc4 Nxc4 22. fxe5 dxe5 23. Nd5 Nxd5 24. Rxd5 {0-1 Guo,H (1528)-Zhao,Y (1870) Chinese Youth G14 2024 (6.1)}) 10. e5 Ng8 11. Nxc6 dxc6 $146 ({RR} 11... Qxc6 12. Qg3 g6 13. Bf3 Qc4 14. Bxa8 b4 15. Ne4 Qxa2 16. Bg5 Qa1+ 17. Kd2 Qxb2 18. Bxe7 Nxe7 19. Nd6+ Kf8 20. Qf4 Nf5 21. Nxc8 Qc3+ 22. Ke2 Qxc8 23. Be4 Qc4+ 24. Ke1 Nd4 25. Qd2 Nb5 26. Bd3 {1-0 Rose,F (2091)-Zampronha,W (2163) Titled Tue 7th Feb Late 2023 (10)}) 12. Qg3 g6 13. Ne4 Bb7 14. Bg5 f6 15. exf6 Qxg3 16. hxg3 c5 17. fxe7 Bxe4 18. Rd8+ 1-0

[Event "45th Olympiad 2024"]
[Site "Budapest HUN"]
[Date "2024.09.14"]
[Round "4.75"]
[Board "4"]
[White "Daniel, Cyrus"]
[Black "Van Delden, Johan"]
[Result "1-0"]
[WhiteElo "1759"]
[BlackElo "1909"]
[PlyCount "68"]
[EventDate "2024.09.11"]
[WhiteTeam "Saint Lucia"]
[BlackTeam "Netherlands Antilles"]
[BlackTeamCountry "AHO"]

1. e4 {ChessBase II} e5 2. Nf3 Nc6 3. Bc4 Nf6 4. d3 Bc5 5. O-O d6 6. c3 O-O 7. Bg5 h6 8. Bh4 Bb6 ({RR} 8... Re8 9. Nbd2 Be6 10. Re1 a6 11. a4 Ba7 12. b4 Nb8 13. d4 Nbd7 14. d5 Bg4 15. h3 Bh5 16. g4 Bg6 17. Bg3 Nf8 18. Nh4 Bh7 19. Nf5 Ng6 20. Qf3 Nd7 21. h4 Nf4 22. Bxf4 exf4 23. Qxf4) 9. Nbd2 ({RR} 9. a4 a6 10. Nbd2 Kh8 ({RR} 10... Qe7 11. Re1 Be6 12. Bxe6 fxe6 13. Nc4 Ba7 14. Qb3 g5 15. Bg3 Nh5 16. Ne3 Rab8 17. Rad1 Kh7 18. Qc2 Qg7 19. b4 b5 20. axb5 axb5 21. Ra1 Bb6 22. Reb1 Nf4 23. Qd1 Rf7 24. c4 Nd4 25. Nxd4) 11. b4 g5 12. Bg3 Nh7 13. a5 Ba7 14. b5 axb5 15. Bxb5 Ne7 16. d4 exd4 ({RR} 16... f6) 17. Nxd4 f5 18. f3 f4 19. Bf2 Ng6 20. a6 bxa6 21. Bxa6 Ne5 ({RR} 21... Bxa6 22. Rxa6) 22. Qe2 Nf6 23. Kh1 Kh7 {1-0 Bauer,C (2620)-Feller,S (2602) FRA-ch 91st Agen 2016 (3)} ({RR} 23... Bb6)) 9... a6 ({RR} 9... Nb8 10. Bb3 Nbd7 11. Nc4 Qe8 12. Bc2 Nh7 13. d4 f5 14. dxe5 fxe4 15. Bxe4 Nxe5 16. Ncxe5 dxe5 17. Qd5+ Kh8 18. Qxe5 Qf7 19. Qg3 Bf5 20. Ne5 Qh5 21. Bxf5 Rxf5 22. Ng6+ Kg8 23. Ne7+ Kf7 24. Nxf5 {1-0 Rasulov,V (2544)-Dubnevych,M (2340) Titled Tue 21st Nov Early 2023 (1)}) 10. Bb3 g5 $146 ({RR} 10... Be6 11. Re1 Re8 12. Nf1 Qe7 13. Bd5 Nd8 14. d4 c6 15. Bxe6 Qxe6 16. Ne3 Nxe4 17. d5 Qg6 18. c4 Bc7 19. Rc1 Nc5 20. Re2 Nd3 21. Rc3 e4 22. Rd2 Ba5 23. Rdxd3 Bxc3 24. Rxc3 exf3 25. Qxf3 {0-1 Samarin,M (1618)-Wall,H (1925) Niedersachsen-ch U16 2006 (1)}) ({RR} 10... Na5 11. Bc2 c5 12. Nc4 Bc7 13. Ne3 Nc6 14. Nd2 g5 15. Bg3 Ne7 16. Qf3 Kg7 17. a4 Be6 18. h3 b6 19. Rfd1 d5 20. Ndf1 d4 21. Nf5+ Nxf5 22. exf5 Bd5 23. Qe2 Re8 24. h4 Qd7 25. Nd2 {0-1 Yudasina,I (2250)-Dragovic,M (2335) Novi Sad op 1989 (2)}) 11. Bg3 Ba7 12. Re1 Be6 13. Nf1 Bxb3 14. Qxb3 Qd7 15. Ne3 Ne7 16. Rad1 Qb5 17. Qc2 Nh5 18. d4 Nxg3 19. hxg3 f6 20. a4 Qb6 21. g4 Kg7 22. Nh2 exd4 23. cxd4 Qc6 24. Qb3 Qd7 25. Nhf1 Nc6 26. Nf5+ Kh7 27. Qh3 Kg8 28. Nxh6+ Kg7 29. Nf5+ Kg8 30. Qb3+ Kh8 31. Re3 Rf7 32. Rh3+ Rh7 33. Rxh7+ Kxh7 34. Rd3 Kg6 1-0

[Event "45th Olympiad 2024"]
[Site "Budapest HUN"]
[Date "2024.09.14"]
[Round "4.76"]
[Board "1"]
[White "Aziz, Husain"]
[Black "Chinchilla, Alejandro Jose"]
[Result "1-0"]
[WhiteElo "2340"]
[BlackElo "2113"]
[PlyCount "191"]
[EventDate "2024.09.11"]
[WhiteTeam "Qatar"]
[BlackTeam "Honduras"]
[WhiteTeamCountry "QAT"]
[BlackTeamCountry "HON"]

1. d4 d5 2. Nf3 Nf6 3. c3 c5 4. dxc5 e6 5. b4 a5 6. e3 Be7 ({RR} 6... axb4 7. cxb4 b6 8. a4 bxc5 9. b5 c4 10. Be2 Bd7 11. Nc3 Bb4 12. Bd2 Qa5 13. Qc1 Ne4 14. Nxe4 dxe4 15. Qxc4 Bxd2+ 16. Nxd2 O-O 17. Qxe4 Rd8 18. O-O Qxd2 19. Qxa8 Qxe2 20. Rfd1 h5 21. Rxd7 {1-0 Aronian,L (2782)-Ding,L (2799) Speed Chess Chess.com INT blitz 2021 (2.35)}) 7. Bb2 $146 ({RR} 7. Bb5+ Bd7 8. Bxd7+ Nbxd7 9. O-O O-O 10. Nbd2 e5 11. Qe2 e4 12. Nd4 Ne5 13. f3 Re8 14. fxe4 dxe4 15. a3 g6 16. Nc4 Nd3 17. Nxa5 Nxc5 18. Ndb3 Nd3 19. Nxb7 Qc7 20. N7c5 Ne5 21. c4 Neg4 {1-0 Fataliyeva,U (2384)-Kazarian,A (2204) World Blitz Women 2023 (15.42)}) 7... b6 8. Bb5+ Bd7 9. Bxd7+ Nfxd7 10. O-O bxc5 11. b5 a4 12. c4 Bf6 13. Bxf6 Qxf6 14. Nbd2 Nb6 15. Rc1 N8d7 16. cxd5 exd5 17. e4 d4 18. e5 Qf5 19. Re1 O-O 20. Ne4 Qe6 21. Nxc5 Nxc5 22. Rxc5 Qxa2 23. Qxd4 Rad8 24. Qe4 h6 25. h3 Rd5 26. Rc6 Rxb5 27. e6 fxe6 28. Rc7 e5 29. Rb7 Rf7 30. Rd1 Rd5 31. Rb8+ Rf8 32. Rxd5 Qxd5 33. Rxf8+ Kxf8 34. Qb4+ Kg8 35. Qxb6 a3 36. Qa7 a2 37. Ne1 Qd2 38. Qb8+ Kh7 39. Qxe5 Qd1 40. Qe4+ Kh8 41. Qe8+ Kh7 42. Qe4+ Kh8 43. Qa8+ Kh7 44. Qxa2 Qxe1+ 45. Kh2 Qe5+ 46. g3 Qe4 47. Qf7 Kh8 48. g4 Qe5+ 49. Kg2 Qe4+ 50. Qf3 Qe8 51. h4 Qd8 52. Kh3 Qc8 53. Qd5 Qc3+ 54. Kg2 Qb4 55. Qd8+ Kh7 56. Qd3+ Kh8 57. Qf5 Qb7+ 58. Kg3 Qb3+ 59. Qf3 Qb8+ 60. Qf4 Qb3+ 61. Kh2 Qb6 62. g5 hxg5 63. hxg5 Kg8 64. Kg3 g6 65. Qc4+ Kg7 66. Qc3+ Kg8 67. Qc8+ Kf7 68. Qd7+ Kf8 69. Qd5 Kg7 70. Kf3 Kf8 71. Qe5 Qc6+ 72. Kg3 Qb6 73. Qe3 Qa6 74. Qc5+ Kg7 75. Qd4+ Kg8 76. Kf4 Qc6 77. Ke5 Qe8+ 78. Kf4 Qc6 79. Kg3 Qc7+ 80. f4 Qc2 81. Qe3 Qb1 82. Kf3 Kg7 83. Qc3+ Kg8 84. Qc4+ Kg7 85. Ke3 Qe1+ 86. Kd4 Qa1+ 87. Qc3 Qb1 88. Ke5 Qb6 89. Kd5+ Kf7 90. Qc4 Kg8 91. Qc8+ Kg7 92. Qd7+ Kh8 93. Qe8+ Kg7 94. Qe7+ Kh8 95. Qf6+ Qxf6 96. gxf6 1-0

[Event "45th Olympiad 2024"]
[Site "Budapest HUN"]
[Date "2024.09.14"]
[Round "4.76"]
[Board "2"]
[White "Colindres, Daniel"]
[Black "Erfan, Mohamad Firdaus"]
[Result "0-1"]
[WhiteElo "2079"]
[BlackElo "1758"]
[PlyCount "136"]
[EventDate "2024.09.11"]
[WhiteTeam "Honduras"]
[BlackTeam "Qatar"]
[WhiteTeamCountry "HON"]
[BlackTeamCountry "QAT"]

1. e4 e5 2. Nf3 Nc6 3. d4 exd4 4. Bc4 Nf6 5. e5 d5 6. Bb5 Nd7 7. O-O Be7 8. Re1 O-O 9. Nbd2 a6 ({RR} 9... Nc5 10. h3 Ne6 11. Nb3 Bd7 12. Bf1 {½-½ Aishwin,D (2155)-Petrovskyi,V (2431) 8th Irena Warakomska Mem 2024 (9.1)}) 10. Bxc6 bxc6 11. Nxd4 Nb8 12. Qf3 $146 ({RR} 12. N2f3 c5 13. Nb3 c4 14. Nbd4 c5 15. Ne2 d4 16. Nf4 Be6 17. Qe2 Qd7 18. Nd2 c3 19. bxc3 dxc3 20. Nc4 Bxc4 21. Qxc4 Nc6 22. Nd5 Rfd8 23. Nxe7+ Nxe7 24. Bg5 h6 25. e6 fxe6 26. Rxe6 Nd5 {0-1 Garcia Castro,P (2377)-Hernandez Carmenates,H (2458) Vila de Marin op 5th 2005 (7)}) 12... Re8 13. Nf1 c5 14. Nf5 Bf8 15. N1g3 Nc6 16. Bf4 Be6 17. Qh5 g6 18. Nh6+ Kh8 19. Qf3 Nd4 20. Qd3 g5 21. Bc1 Bxh6 22. c3 Nc6 23. h4 gxh4 24. Nh5 Bg7 25. Bh6 Rg8 26. Bxg7+ Rxg7 27. Nxg7 Kxg7 28. f4 Qd7 29. Qe3 Rg8 30. Qf2 h3 31. gxh3 Kh8+ 32. Kh2 Bxh3 33. Rg1 Bg4 34. Rg3 Rg6 35. Qxc5 Ne7 36. Rag1 h5 37. Rd3 Qd8 38. Rg2 c6 39. c4 Nf5 40. Qf2 Qh4+ 41. Qxh4 Nxh4 42. Rf2 dxc4 43. Rd6 Kg7 44. Rc2 Nf3+ 45. Kh1 Rxd6 46. exd6 Kf6 47. Rxc4 Bd7 48. Ra4 Bc8 49. d7 Bxd7 50. Rxa6 Ke6 51. Ra5 h4 52. Kg2 Ne1+ 53. Kh3 Nd3 54. b3 Nxf4+ 55. Kxh4 Nd5 56. Rc5 f5 57. a3 Kd6 58. Rc4 c5 59. Kg5 Ne3 60. Rc3 f4 61. Rd3+ Nd5 62. Rd2 Ke5 63. Rc2 f3 64. a4 Kd4 65. Rd2+ Ke4 66. a5 Bb5 67. Kg4 Ne3+ 68. Kh3 Be2 0-1

[Event "45th Olympiad 2024"]
[Site "Budapest HUN"]
[Date "2024.09.14"]
[Round "4.76"]
[Board "3"]
[White "Al Qassabi, Mohammed"]
[Black "Soliz Gabarrete, Luis Fernando"]
[Result "0-1"]
[WhiteElo "1521"]
[BlackElo "1920"]
[PlyCount "76"]
[EventDate "2024.09.11"]
[WhiteTeam "Qatar"]
[BlackTeam "Honduras"]
[WhiteTeamCountry "QAT"]
[BlackTeamCountry "HON"]

1. e4 c6 2. d4 d5 3. exd5 cxd5 4. Bd3 Nc6 5. c3 Nf6 6. h3 e5 7. dxe5 Nxe5 8. Nf3 Nxd3+ 9. Qxd3 Bd6 10. O-O O-O 11. Bg5 h6 12. Bh4 g5 13. Bg3 Bxg3 14. fxg3 Ne4 15. Nd4 f5 16. Nd2 Qd6 17. Nxe4 ({RR} 17. Rf3 Bd7 18. Raf1 Qe5 19. N2b3 Rae8 20. Ne2 h5 21. Nbd4 Re7 22. h4 gxh4 23. gxh4 Rg7 24. Nf4 Rg4 25. g3 Rf7 26. Kh2 Rfg7 27. Nde2 Kh8 28. Kh3 a6 29. Rg1 Bb5 30. Qd4 Qe8 31. Nc1 Bc6 {1-0 Eliseev,S (2131)-Bech,H (1951) Fagernes GM Open 2024 (2.44)}) 17... dxe4 18. Qc4+ Kg7 $146 ({RR} 18... Kh8 19. Rae1 Bd7 20. g4 Rac8 21. Qe2 fxg4 22. hxg4 Rce8 23. Rxf8+ Qxf8 24. Rf1 Qc5 25. Rf7 Qd5 26. Qf1 Kg8 27. Rf6 Kg7 28. Nf5+ Bxf5 29. Rxf5 Qe6 30. Rc5 Qe7 31. Qc4 Qd6 32. Rc7+ Re7 33. Rc8 {½-½ Erzhanov,A (2175)-Shuvalova,P (2497) Titled Tue 14th Nov Late 2023 (7)}) 19. Ne2 Be6 20. Qd4+ Qxd4+ 21. Nxd4 Bd7 22. Rad1 Rae8 23. Nc2 Bb5 24. Rfe1 f4 25. gxf4 gxf4 26. Rd4 Rf7 27. a4 Bc6 28. Nb4 f3 29. Rf1 e3 30. gxf3 Bxf3 31. Nd3 Kh7 32. Rf4 Rg7+ 33. Kh2 Be2 34. Ne1 Bxf1 35. Rxf1 e2 36. Rh1 Rf8 37. Nd3 Rf1 38. Ne1 Rf2+ 0-1

[Event "45th Olympiad 2024"]
[Site "Budapest HUN"]
[Date "2024.09.14"]
[Round "4.76"]
[Board "4"]
[White "Zuniga Garcia, German"]
[Black "Al-Kuwari, Turki"]
[Result "1-0"]
[WhiteElo "1877"]
[BlackElo "1577"]
[PlyCount "86"]
[EventDate "2024.09.11"]
[WhiteTeam "Honduras"]
[BlackTeam "Qatar"]
[WhiteTeamCountry "HON"]
[BlackTeamCountry "QAT"]

1. e4 c5 2. Nf3 g6 3. c4 Bg7 4. Nc3 Nc6 5. g3 d6 6. Bg2 ({RR} 6. h3 Nf6 7. d3 O-O 8. Bg2 Ne8 9. Be3 Nc7 10. d4 cxd4 11. Nxd4 Ne6 12. Nde2 Ne5 13. b3 Qa5 14. Rc1 Bd7 15. O-O Bc6 16. f4 Nd7 17. Qd2 Qd8 18. b4 b6 19. Nd5 a5 20. a3 Nc7 {1-0 Srihari,L (2491)-Szczepanek,R (2205) Titled Tue 14th May Early 2024 (1)}) 6... Nf6 ({RR} 6... Bg4 7. h3 Bxf3 8. Bxf3 e6 9. d3 Nge7 10. Bg2 O-O 11. O-O a6 12. Rb1 b5 13. a3 Rb8 14. cxb5 axb5 15. Ne2 c4 16. dxc4 bxc4 17. b4 d5 18. exd5 exd5 19. b5 Ne5 20. Bg5 Nd3 21. Nf4 {1-0 Gubajdullin,A (2331)-Martinez Alcantara,J (2598) Titled Tuesday intern op 19th Apr Early blitz 2022 (6)}) 7. O-O O-O 8. h3 $146 ({RR} 8. Re1 Be6 9. d3 Qd7 10. Ng5 Bg4 11. f3 Bh5 12. g4 Bxg4 13. fxg4 Nxg4 14. Bh3 Bd4+ 15. Kg2 Nce5 16. Nf3 f5 17. Nb5 Nf2 18. Nxe5 dxe5 19. Qe2 Nxh3 20. Nxd4 exd4 21. e5 f4 22. e6 f3+ {0-1 Undeutsch,B-Mohr,J Hessen-ch U17/20 Girls 1997 (2)}) ({RR} 8. a3 Bd7 9. Re1 Ne8 10. d3 Rb8 11. Bf4 e5 12. Bg5 f6 13. Be3 Nd4 14. Nd5 b5 15. Bxd4 exd4 16. b3 Nc7 17. Qd2 {½-½ Gerks,J-Baer,H Schleswig Holstein-ch cand-B 50th 1995 (3)}) 8... e5 9. d3 h6 10. a3 Be6 11. Rb1 Nd4 12. b4 b6 13. Nh4 g5 14. Nf5 Rc8 15. Nxg7 Kxg7 16. f4 Nh7 17. fxg5 hxg5 18. b5 f6 19. Ne2 Nxe2+ 20. Qxe2 Qd7 21. g4 Rh8 22. Qf3 Qe7 23. Rb2 Rcf8 24. a4 Ra8 25. Rbf2 Rhf8 26. Qe3 Rf7 27. h4 Raf8 28. Bf3 Qd7 29. Rg2 Kg8 30. Kf2 Rg7 31. Rh1 Kf7 32. Ke1 Ke8 33. Qf2 Kd8 34. a5 Rgg8 35. Qa2 gxh4 36. axb6 axb6 37. Rxh4 Ng5 38. Bd1 Rf7 39. Qa1 Rh7 40. Bxg5 fxg5 41. Qa8+ Kc7 42. Qa7+ Kc8 43. Rxh7 Qxa7 1-0

[Event "45th Olympiad 2024"]
[Site "Budapest HUN"]
[Date "2024.09.14"]
[Round "4.77"]
[Board "1"]
[White "Haidary, Hameedullah"]
[Black "Fancy, Stuart"]
[Result "0-1"]
[WhiteElo "2192"]
[BlackElo "1921"]
[PlyCount "152"]
[EventDate "2024.09.11"]
[WhiteTeam "Afghanistan"]
[BlackTeam "Papua New Guinea"]
[WhiteTeamCountry "AFG"]
[BlackTeamCountry "PNG"]

1. e4 c5 2. Nf3 e6 3. c3 Nf6 4. e5 Nd5 5. d4 cxd4 6. cxd4 d6 7. Bb5+ Bd7 8. Bxd7+ Nxd7 9. O-O dxe5 10. dxe5 Be7 11. Nbd2 O-O ({RR} 11... Qc7 12. Qe2 O-O 13. Nb3 Rac8 14. Nbd4 Qc4 15. Qxc4 Rxc4 16. b3 Rc7 17. Bb2 Rfc8 18. Rfd1 a6 19. Kf1 g6 20. Rac1 Rxc1 21. Rxc1 Rxc1+ 22. Bxc1 Nb4 23. Ba3 Nb6 24. Nc2 N6d5 25. Nxb4 Bxb4 26. Bxb4 {0-1 Aung Aung,A (2595)-Ye,J (2616) Sufe Cup Shanghai 2000 (8)}) 12. Ne4 Nc5 13. Qe2 $146 ({RR} 13. Qd4 Rc8 14. Be3 Nxe3 15. Qxe3 Nxe4 16. Qxe4 Qb6 17. b3 Rfd8 18. Qe2 Rd5 19. Rfd1 Rcd8 20. Nd2 Qd4 21. Qe3 Qxe3 {0-1 Uusitalo,R-Manninen,A (2071) Kajaani We KaSY 2012 (1)}) 13... h6 14. Bd2 Qb6 15. b3 Rfd8 16. Rac1 a5 17. Rc4 Rac8 18. Rfc1 Qa6 19. Qf1 b6 20. Nxc5 Bxc5 21. h3 Nb4 22. a3 Nd3 23. R4c3 Rc7 24. Kh2 Rcd7 25. Ra1 Qb7 26. Be1 Qb8 27. Ra2 Nxe5 28. Nxe5 Qxe5+ 29. f4 Qf6 30. Qf3 Rd1 31. Bf2 Rf1 32. Rxc5 bxc5 33. Bh4 Rxf3 34. Bxf6 gxf6 35. gxf3 Rd3 36. Kg3 Rxb3 37. Rc2 Rxa3 38. Rxc5 a4 39. Rc8+ Kg7 40. f5 Ra1 41. Ra8 a3 42. h4 a2 43. Kg2 exf5 44. h5 f4 45. Kh2 f5 46. Ra6 Kf8 47. Kg2 Ke8 48. Kh2 Kd7 49. Kg2 Kc7 50. Kh2 Kb7 51. Ra3 Kc6 52. Kg2 Kd5 53. Ra8 Ke5 54. Ra6 Re1 55. Rxa2 Kf6 56. Ra8 Re2+ 57. Kg1 Kg5 58. Rg8+ Kxh5 59. Rg7 f6 60. Rg8 Kh4 61. Rg7 h5 62. Rg8 Kh3 63. Rg6 h4 64. Rg8 Rb2 65. Rg7 Rb3 66. Kf2 Rb8 67. Rg6 Rb2+ 68. Kg1 Rb1+ 69. Kf2 Kh2 70. Rg2+ Kh1 71. Rg8 h3 72. Rg7 Rb2+ 73. Kf1 Rg2 74. Rf7 Kh2 75. Rxf6 Kg3 76. Rh6 h2 0-1

[Event "45th Olympiad 2024"]
[Site "Budapest HUN"]
[Date "2024.09.14"]
[Round "4.77"]
[Board "2"]
[White "McCoy, Tom"]
[Black "Kanz, Ahmad Safy"]
[Result "0-1"]
[WhiteElo "1883"]
[BlackElo "1977"]
[PlyCount "56"]
[EventDate "2024.09.11"]
[WhiteTeam "Papua New Guinea"]
[BlackTeam "Afghanistan"]
[WhiteTeamCountry "PNG"]
[BlackTeamCountry "AFG"]

1. e4 c5 2. c3 Nf6 3. e5 Nd5 4. Nf3 Nc6 5. Bc4 e6 6. O-O Be7 7. d4 Nb6 8. Bd3 cxd4 9. cxd4 d6 10. Nc3 $146 ({RR} 10. a3 Bd7 11. Nc3 Na5 12. Re1 Bc6 13. Ne4 dxe5 14. dxe5 Qd5 15. Bg5 h6 16. Bxe7 Kxe7 17. Qd2 Nac4 18. Qb4+ Ke8 19. Bxc4 {1-0 Zuntaks,A-Sarosy,Z Toronto 1967 (9)}) 10... dxe5 11. dxe5 a6 12. Re1 Nd7 13. Qa4 Nc5 14. Qg4 Qxd3 15. Qxg7 Rf8 16. Bh6 Bd7 17. Rad1 Qf5 18. Nh4 Qh5 19. b4 Nxb4 20. Be3 Qxh4 21. Bxc5 Bxc5 22. Ne4 Be7 23. Nd6+ Bxd6 24. exd6 Nc6 25. g3 Qh5 26. Rb1 O-O-O 27. a4 f6 28. Rxe6 Rf7 0-1

[Event "45th Olympiad 2024"]
[Site "Budapest HUN"]
[Date "2024.09.14"]
[Round "4.77"]
[Board "3"]
[White "Asefi, Zaheeruddeen"]
[Black "Jones, Rupert"]
[Result "1/2-1/2"]
[WhiteElo "1947"]
[BlackElo "1849"]
[PlyCount "84"]
[EventDate "2024.09.11"]
[WhiteTeam "Afghanistan"]
[BlackTeam "Papua New Guinea"]
[WhiteTeamCountry "AFG"]
[BlackTeamCountry "PNG"]

1. d4 Nf6 2. c4 e6 3. Nf3 Bb4+ 4. Nbd2 O-O 5. a3 Be7 6. e4 c5 7. d5 d6 8. Be2 e5 9. O-O ({RR} 9. Qc2 Nbd7 10. Nf1 a6 11. Bd2 Nh5 12. g3 g6 13. Ne3 Ng7 14. Bd3 Nf6 15. O-O Ng4 16. b4 b6 17. bxc5 bxc5 18. Rab1 Nxe3 19. Bxe3 Bh3 20. Rfe1 f5 21. exf5 gxf5 22. Bf1 Bxf1 23. Rxf1 Qd7 {½-½ Ding,L (2774)-Carlsen,M (2837) Saint Louis Carlsen-Ding Showdown G10 blitz 2017 (6)}) ({RR} 9. b4 Nbd7 10. O-O g6 11. Ne1 a5 12. bxa5 Rxa5 13. Nd3 Ne8 14. Bb2 Ng7 15. g3 f5 16. f4 exf4 17. Nxf4 Bf6 18. Qc2 Ne5 19. Rf2 Ra6 20. Raf1 Qe7 21. Nd3 Rb6 22. Bc3 h5 23. Nf4 Kh7 {1-0 Mirzoeva,E (2252)-Webb,L (2148) 4NCL 2023-24 (4.4)}) 9... Ne8 10. Ne1 f5 $146 ({RR} 10... Bg5 11. Bg4 h6 12. g3 Bxg4 13. Qxg4 Nf6 14. Qe2 Nh7 15. Ng2 Nd7 16. Ne3 g6 17. Nf3 f5 18. exf5 gxf5 19. Nxg5 Nxg5 20. f4 exf4 21. gxf4 Nh3+ 22. Kh1 Qh4 23. Qf3 Kh7 24. Bd2 Nf6 25. Nxf5 {1-0 Franzen,P (2043)-Moller,A (1895) Politiken Cup 34th 2012 (9)}) ({RR} 10... Nd7 11. Nd3 g6 12. b4 b6 13. Bb2 Bf6 14. Qc2 Bg7 15. Bc3 f5 16. f4 exf4 17. exf5 g5 18. g4 fxg3 19. hxg3 Bxc3 20. Qxc3 Ndf6 21. g4 a5 22. bxc5 bxc5 23. Nf2 Ra7 24. Rae1 h5 25. gxh5 {½-½ Santiago,Y (2453)-Terry,R (2463) Florianopolis zt 2.4 2017 (5)}) 11. f4 exf4 12. Rxf4 Bg5 13. Rf1 Qe7 14. exf5 Rxf5 15. Ndf3 Be3+ 16. Kh1 Rf8 17. Bd3 Bxc1 18. Qxc1 Bf5 19. Ng5 Bxd3 20. Rxf8+ Qxf8 21. Nxd3 Qf5 22. Qe3 Nf6 23. Kg1 Na6 24. Rf1 Qd7 25. Ne6 Nc7 26. Ndf4 Re8 27. h3 b5 28. b3 a6 29. Re1 Kh8 30. g4 h6 31. Qd3 Kg8 32. Kg2 Qf7 33. Qf5 Nxe6 34. dxe6 Qb7+ 35. Nd5 bxc4 36. bxc4 Qb2+ 37. Kf1 Qd4 38. Nxf6+ Qxf6 39. Kg2 Qb2+ 40. Kh1 Qf6 41. Qd5 Qe7 42. Kg2 Kh8 1/2-1/2